000 00464nam a2200157Ia 4500
008 160316s2012 xxu||||| |||| 00| 0 eng d
082 _a344.042320
_bSET-P1-2
100 _aSeth
245 _aThe food safety and standards act, 2006
250 _a
260 _aDelhi
_bDelhi Law House
_c2012
300 _a615
_b
_civ
365 _b Rs. 2,400 Set
650 _a1. Food Adulteration - Prevention Laws 2. Prevention of Food Adulteration Act
700 _aCapoors
_a
999 _c31102
_d31102